000 01570cam a2200421 a 4500
001 20847
003 VRT
005 20260205154737.0
008 210624s1963 xo a 000 f slo
015 _aSNBA1963/10-02070
039 9 _a202106240418
_bVLOAD
_c202103220915
_dVLOAD
_c202103182117
_dcsnk01
_c202006241010
_dcsnkv15
040 _aSNK
_bslo
_cSNK
_eAACR2
041 0 _aslo
044 _axo
_cSK
080 _a821.162.4-32
_22001
100 0 _aJégé,
_d1866-1940
_4aut
245 1 0 _aSvätopluk ; Horymír
_cLadislav Nádaši Jégé ; doslov Vladimír Petrík ; vysvetlivky Pavol Petrus ; ilust. Alojz Pepich
250 _a1. vyd.
260 _aBratislava
_bSlovenské vydavateľstvo krásnej literatúry
_c1963
300 _a186 s.
_c
440 0 _aHviezdoslavova knižnica
_vzv. 86
655 7 _aslovenské poviedky
_2SNKPH
655 7 _ahistorické poviedky
_2SNKPH
700 1 _aPetrík, Vladimír,
_d1929-2017
_4aft
700 1 _aPepich, Alojz,
_d1926-1962
_4ill
700 1 _aPetrus, Pavol,
_d1927-2014
_4oth
740 0 2 _aHorymír
910 _asnk
942 _2ddc
_cKLDO
_n0
949 _6273K0431763
_asvkpoA 46158
_bsvkpo106703
949 _6273K0431762
_asvkpoA 46158a
_bsvkpo108361
949 _6273K0431761
_asvkpoA 46158b
_bsvkpo122433
949 _6270001000387082
_asvkbbS 77783
_bsvkbbm 106285
949 _6273K0485292
_91
_asvkpoA 191251
_bsvkpo477952
949 _63830001011685
_akurukT18/JEGE1-8
_bkuruk2007/F1242
949 _62889012830
_asavukM 11645
949 _63830001090101
_akurukT18/JEGE1-8
_bkuruk2013/F9268
_oD2013/Hrkút Michal
999 _c20847
_d20847